| 000 | 00757cam a22002412 4500 | ||
|---|---|---|---|
| 001 | 0000024120 | ||
| 005 | 20151217155235.0 | ||
| 008 | 130611s xx 000 0 eng d | ||
| 020 | _a9966467238 : | ||
| 040 |
_aKABU _cKABU |
||
| 245 | 1 | 0 |
_aMethodology and African prehistory / _ceditor J. Ki-Zerbo. |
| 250 | _aabridged ed. | ||
| 260 |
_aNairobi : _bE. A. E. P., _c1990. |
||
| 300 | _axviii, 349 p. | ||
| 490 | 0 |
_aGeneral history of Africa ; _vI |
|
| 650 | 0 |
_aPrehistoric peoples _zAfrica. _@0000184086 |
|
| 651 | 0 |
_aAfrica _xHstoriography. _@0000184087 |
|
| 651 | 0 |
_aAfrica _xAntiquities. _@0000184088 |
|
| 700 | 1 |
_aMokhtar, G. _@0000184089 |
|
| 852 | 1 | _9p980 KES | |
| 908 | _a130611 | ||
| 950 | _@1 | ||
| 999 |
_c12220 _d12220 |
||